00310nam a2200121Ia 4500008004100000041000800041082001200049100001800061245004500079260002900124300002700153365000800180240624s9999 xx 000 0 und d aeng a337 KLE aKLEINERT JORN aROLE OF MULTINATIONAL ENTERPRISES IN GLO c2004aNew YorkbSpringer axv, : 211p. : cm. ; 25 cERU